| 000 | 01625nam a2200361 i 4500 | ||
|---|---|---|---|
| 003 | CO-ViMGA | ||
| 005 | 20230915224425.0 | ||
| 008 | 201128s2020 ck ||||jr|||| 00| jdspa d | ||
| 020 | _a9789586656412 | ||
| 040 |
_aCO-ViMGA _bspa _cCO-ViMGA |
||
| 084 | _aC ROJ5 | ||
| 100 | 1 |
_aRojas, Andres _d1985- _eautor _9163015 |
|
| 245 | 1 | 3 |
_aEl Pacifico cuenta : _bantologia de jovenes narradores del Pacifico colombiano / _cAndres Rojas ... [y otros nueve] ; seleccion y presentacion de Antonio Garcia Angel |
| 250 | _aEdicion especial | ||
| 260 |
_aBogota : _bSiglo del Hombre, _c2020 |
||
| 300 |
_a112 paginas _b21 cm |
||
| 490 | 0 | _aPlan Nacional de Lectura y Escritura Leer es mi Cuento / Ministerio de Cultura | |
| 650 | 1 | 7 |
_2LEMB _aAfrocolombianos _zPacifico (Region, Colombia) _vCuentos _9160575 |
| 650 | 1 | 7 |
_2LEMB _aAutores colombianos _ySiglo XXI _924160 |
| 650 | 1 | 7 |
_2LEMB _aCuentos juveniles colombianos _y Siglo XXI _923873 |
| 650 | 1 | 7 |
_2LEMB _aLiteratura juvenil colombiana _ySiglo XXI _9163016 |
| 650 | 1 | 7 |
_2LEMB _aVida cotidiana _vCuentos _9163017 |
| 700 | 1 |
_aMuñoz, Harold _d1992- _eautor _9163020 |
|
| 700 | 1 |
_aRamirez, Giussepe _d1990- _eautor _9163018 |
|
| 700 | 1 |
_aCalvache, Valentina _d1991- _eautora _9163019 |
|
| 700 | 1 |
_aCuartas Villalobos, Angela _d1982- _eautora _9163021 |
|
| 700 | 1 |
_aCuenu Mosquera, Yair Andre _d1988- _eautor _9163024 |
|
| 700 | 1 |
_aDulcey, Mario Alberto _d1996- _eautor _9163025 |
|
| 700 | 1 |
_aGarcia Angel, Antonio _d1972- _eseleccionador _9114357 |
|
| 700 | 1 |
_aRengifo, Angela _d1984- _eautora _9163022 |
|
| 700 | 1 |
_aRenteria Salazar, Yijhan _d1983 _eautor _9163023 |
|
| 942 |
_2ddc _cBK |
||
| 999 |
_c9075 _d9075 |
||